Text Shown in Movies Quiz Stats

 Plays Quiz Updated Jul 3, 2018

Also try: Fabulous Fonts
Challenge
Share
Tweet
Score 0/25 Timer 12:00
0 Plays Today
% Correct
Psycho
90.5%
The Shining
72.4%
Pulp Fiction
56.9%
The Shawshank Redemption
55.1%
Alien
54.3%
The Matrix
52.5%
Die Hard
51.1%
WarGames
50.3%
Memento
48.8%
Zombieland
43.2%
Good Will Hunting
41.1%
Blade Runner
37.6%
Monty Python's Life of Brian
37.2%
% Correct
American Psycho
33.1%
Office Space
29.7%
The Artist
28.7%
Field of Dreams
28.6%
Austin Powers: International Man of Mystery
28.1%
Apollo 13
25.1%
The Big Lebowski
24.5%
The Usual Suspects
24.1%
Groundhog Day
18.3%
Terminator 2: Judgment Day
16%
Se7en
15.8%
Pi
12.2%

You're not logged in!

Compare scores with friends on all Sporcle quizzes.
Join for Free
OR
Log In

You Might Also Like...

Show Comments

Extras

Top Quizzes Today


Score Distribution

Your Account Isn't Verified!

In order to create a playlist on Sporcle, you need to verify the email address you used during registration. Go to your Sporcle Settings to finish the process.

Report this User

Report this user for behavior that violates our Community Guidelines.

Details: